000 01023nam a22002297a 4500
003 OSt
005 20250917173642.0
008 240326b ||||| |||| 00| 0 eng d
040 _c0
082 _aDPer 621.381 In821 September 2022 v. 37 n. 9
100 _aDing, Jianfu.
_eauthor.
_955448
245 _aOpen-circuit fault-tolerant control and topology switching strategy of active magnetic bearing power electronics controller /
_cJianfu Ding, Hongbo Sun, Dong Jiang, Jichang Yang, Zhicheng Liu.
260 _aNew York ;
_bThe Institute of Electrical and Electronics Engineers, Inc. ,
_cSeptember 2022.
300 _aVolume 37, pages 10928-10938 :
_billustration ;
_c28 cm.
500 _aIEEE Transitions on Power Electronics, v. 37 n. 9, pages 10928-10938, September 2022.
700 _aDing, Jianfu.
_eauthor.
_955448
700 _aSun, Hongbo.
_eauthor.
_955449
700 _aJiang, Dong.
_eauthor.
_955450
700 _aYang, Jichang.
_eauthor.
_955451
700 _aLiu, Zhicheng.
_eauthor.
_955452
942 _2ddc
_cPER
999 _c19872
_d19872